El Derecho internacional humanitario y las operaciones de mantenimiento de la paz de Naciones Unidas

Detalles Bibliográficos
Autor principal: Segura Serrano, Antonio
Formato: Desconocido
Publicado: Madrid : Plaza y Valdš, 2009
Materias:
Acceso en línea:Acceso restringido

MARC

LEADER 00000ny a22000003n 4500
005 20110621101129.0
008 071017s2007 sp aaa 0 esp
020 |a 9788496780255 
035 |a 4681 
040 |a Lexnova  |d vLex 
090 |c 897  |d 897 
100 1 |a Segura Serrano, Antonio 
245 1 3 |a El Derecho internacional humanitario y las operaciones de mantenimiento de la paz de Naciones Unidas  |h [Recurso electrn̤ico]  |c Antonio Segura Serrano 
256 |a Servicio en ln̕ea 
260 |a Madrid :  |b Plaza y Valdš,  |c 2009 
300 |a p. ;  |c cm 
506 1 |a Contenido solo disponible en los productos indicados  |d vLex Global  |d vLex Global (Academic Edition, excluding Law Schools)  |d vLex Global (U.S. Academic Edition, Law Schools)  |d vLex Global (U.S. Academic Edition, excluding Law Schools)  |d vLex Global (Academic Edition, Law Schools) 
650 0 4 |a Derechos humanos 
650 0 4 |a Mediacin̤ internacional 
650 0 4 |a Seguridad internacional 
740 0 |a vLex Libros (Servicios en ln̕ea) 
856 4 0 |u http://vlex.com/source/4681  |z Acceso restringido 
942 |c BOOK 
999 |a Human rights  |b Madrid